Fill the World Map with City Dots Of Radius 15 - Statistics

General Stats
  • This quiz has been taken 474 times
  • The average score is 43 of 147
Answers on the Map
Answers color-coded by a green-red scale on the quiz's map according to % correct below.
 
Answer Stats
City % Correct
London
90%
Madrid
85%
New York
85%
Berlin
83%
Los Angeles
82%
Tokyo
79%
Moscow
78%
Mexico City
77%
Sydney
76%
Chicago
75%
Istanbul
75%
Miami
75%
Seattle
75%
Cairo
72%
Beijing
71%
Delhi
70%
Helsinki
69%
Cape Town
68%
Dallas
66%
Perth
66%
Buenos Aires
65%
Mumbai
65%
Naples
65%
Reykjavik
64%
São Paulo
64%
Shanghai
64%
Bangkok
62%
Lima
62%
Jakarta
61%
Anchorage
60%
Manila
60%
Auckland
59%
Johannesburg
59%
Tehran
59%
Bogotá
57%
Lagos
57%
Dhaka
56%
Dar es Salaam
55%
Nuuk
55%
Ulaanbaatar
54%
Colombo
51%
Kuala Lumpur
51%
Bergen
49%
Riyadh
49%
Guangzhou
48%
Honolulu
48%
Dakar
47%
Kinshasa
45%
Santo Domingo
44%
Mogadishu
42%
Khartoum
41%
Winnipeg
41%
Hobart
40%
Antananarivo
39%
Juneau
39%
Tashkent
35%
Port Moresby
34%
Alice Springs
32%
Juba
31%
Managua
31%
Monrovia
29%
Lusaka
28%
N'Djamena
27%
Chengdu
26%
Tromso
26%
Ürümqi
26%
Recife
25%
Victoria
25%
Belém
24%
Harbin
23%
Suva
23%
Novosibirsk
22%
Yekaterinburg
20%
Arkhangel'sk
19%
Santa Cruz
19%
Yakutsk
19%
Georgetown
17%
Dunedin
15%
Townsville
14%
Barrow
13%
Astrakhan'
12%
Iqaluit
12%
Agadir
11%
Funafuti
11%
Noumea
11%
Petropavlovsk-Kamchatsky
11%
Tarawa
11%
Valparaíso
10%
Edinburgh of the Seven Seas
9%
Noril'sk
9%
Faaa
8%
Fort McMurray
6%
Jamestown
6%
Ponta Delgada
6%
Saint George's
6%
Yuzhno-Sakhalinsk
6%
Anadyr
5%
Boa Vista
5%
Comodoro Rivadavia
5%
Hanga Roa
5%
Inuvik
5%
Saipan
5%
Gao
4%
Koror State
4%
Kota Kinabalu
4%
McMurdo Station
4%
Olonkinbyen
4%
Port-aux-Francais
4%
Port Hedland
4%
Porto Velho
4%
Rankin Inlet
4%
Ambon
3%
Grytviken
3%
Puerto Ayora
3%
West Island
3%
Al Mukalla
2%
Dutch Harbor
2%
Fort Collins
2%
Kugluktuk
2%
Lubango
2%
Palmerston
2%
Tasiilaq
2%
Tiksi
2%
Upernavik
2%
Atuona
1%
Chibougamau
1%
El Oued
1%
Iranshahr
1%
Kolonia
1%
Los Mochis
1%
Port Mathurin
1%
Rikitea
1%
Tabwakea Village
1%
Ust-Nera
1%
Whyalla
1%
Al Qatrun
0%
Auki
0%
Aykhal
0%
Cherskiy
0%
Gurupi
0%
Mogocha
0%
Nefteyugansk
0%
Shepetivka
0%
Ta`u
0%
Usinsk
0%
Ust'-Ilimsk
0%
No matching quizzes found
Score Distribution
Percent of People with Each Score
Percentile by Number Answered
Your Score History
You have not taken this quiz